[Event "Watson Farley Williams International"]
[Site "London"]
[Date "1989.05.19"]
[Round "1"]
[White "Larsen, Bent"]
[Black "Arkell, Keith C"]
[Result "0-1"]
[WhiteElo "2580"]
[BlackElo "2445"]
[PlyCount "136"]
[EventDate "1989.05.19"]
[EventType "tourn"]
[EventRounds "13"]
[EventCountry "ENG"]
[EventCategory "10"]
[SourceTitle "BritBase"]
[Source "John Saunders"]
[SourceDate "2025.08.03"]
[SourceVersion "1"]
[SourceVersionDate "2025.08.03"]
[SourceQuality "1"]

1. e4 c6 2. d4 d5 3. Nd2 dxe4 4. Nxe4 Nd7 5. c3 Ngf6 6. Nxf6+ Nxf6 7. Bc4 e6 8. Nf3 Be7 9. O-O O-O 10. Bg5 b6 11. Ne5 Bb7 12. Qe2 Qc7 13. Rfe1 Nd5 14. Bxe7 Qxe7 15. Bxd5 cxd5 16. Qg4 Bc8 17. Qg3 f6 18. Nd3 Rd8 19. Re3 Qd6 20. Qh4 Ba6 21. Nb4 Bb5 22. Rae1 Re8 23. Rh3 h6 24. Rg3 Kh8 25. Rge3 a5 26. Nc2 Re7 27. Na3 Be8 28. Nb1 Bg6 29. Nd2 Rae8 30. a3 Bh7 31. Qh5 Qf4 32. Qd1 Qc7 33. Qa4 b5 34. Qb3 Qc6 35. h3 Bg6 36. Nf1 Qc4 37. Qd1 Bh7 38. Ng3 Bg6 39. Ne2 Qa2 40. Nf4 Bf7 41. Qd2 Qc4 42. Nd3 Qc7 43. Qe2 Qc6 44. h4 Bg6 45. Nc5 e5 46. b4 a4 47. dxe5 fxe5 48. Qg4 Bh7 49. Rd1 Rd8 50. Rd2 Rde8 51. Qd1 Rd8 52. Qe1 Rde8 53. Rde2 Qf6 54. Qd1 Rd8 55. Re1 e4 56. Qe2 Rf7 57. Rf1 Qc6 58. Rd1 Rdf8 59. Rd2 Rf5 60. Qg4 Bg6 61. Rg3 R8f6 62. h5 Rxh5 63. c4 bxc4 64. Qd1 Be8 65. Qa1 Qc7 66. Qd4 Rg6 67. Rxg6 Qh2+ 68. Kf1 Bxg6 0-1

[Event "Watson Farley Williams International"]
[Site "London"]
[Date "1989.05.19"]
[Round "1"]
[White "Motwani, Paul"]
[Black "McNab, Colin Anderson"]
[Result "1/2-1/2"]
[WhiteElo "2490"]
[BlackElo "2435"]
[PlyCount "64"]
[EventDate "1989.05.19"]
[EventType "tourn"]
[EventRounds "13"]
[EventCountry "ENG"]
[EventCategory "10"]
[SourceTitle "BritBase"]
[Source "John Saunders"]
[SourceDate "2025.08.03"]
[SourceVersion "1"]
[SourceVersionDate "2025.08.03"]
[SourceQuality "1"]

1. e4 d6 2. d4 Nf6 3. Nc3 g6 4. f4 Bg7 5. Nf3 c5 6. Bb5+ Nc6 7. dxc5 Qa5 8. Bd2 O-O 9. Qe2 Bg4 10. Nd5 Qd8 11. Nxf6+ Bxf6 12. Bxc6 bxc6 13. e5 dxe5 14. fxe5 Bg7 15. Bc3 Qd5 16. Qe3 Bxf3 17. gxf3 Qc4 18. Qd4 Qe6 19. Rd1 Qxa2 20. O-O Qa6 21. Ra1 Qb7 22. Rfd1 Rfc8 23. Kg2 h5 24. Rd3 Rd8 25. Qc4 Rxd3 26. Qxd3 Qc7 27. Qe4 Qd7 28. Ra6 Rc8 29. Qd3 Qe6 30. Qe4 Qd7 31. Qd3 Qe6 32. Qe4 Qd7 1/2-1/2

[Event "Watson Farley Williams International"]
[Site "London"]
[Date "1989.05.19"]
[Round "1"]
[White "Watson, William Nicholas"]
[Black "Lalic, Susan Kathryn"]
[Result "1/2-1/2"]
[WhiteElo "2505"]
[BlackElo "2310"]
[PlyCount "81"]
[EventDate "1989.05.19"]
[EventType "tourn"]
[EventRounds "13"]
[EventCountry "ENG"]
[EventCategory "10"]
[SourceTitle "BritBase"]
[Source "John Saunders"]
[SourceDate "2025.08.03"]
[SourceVersion "1"]
[SourceVersionDate "2025.08.03"]
[SourceQuality "1"]

1. e4 e6 2. d4 d5 3. Nc3 Bb4 4. e5 Ne7 5. a3 Bxc3+ 6. bxc3 c5 7. Qg4 Qc7 8. Bd3 c4 9. Be2 Qa5 10. Bd2 Nf5 11. Nf3 Nc6 12. Qh5 Bd7 13. g4 Nh6 14. Qh4 Ne7 15. Rb1 Ng6 16. Qg5 Bc6 17. h4 Qd8 18. Qh5 Qa5 19. a4 Qxa4 20. Bxh6 gxh6 21. Kd2 Qa3 22. Qxh6 Qf8 23. Qe3 O-O-O 24. Ra1 Kb8 25. h5 Ne7 26. Nh4 h6 27. f4 f5 28. exf6 Qxf6 29. g5 Qf7 30. Qe5+ Ka8 31. g6 Qe8 32. Qxe6 Rf8 33. Qe5 Qd7 34. Rhg1 Qh3 35. Nf3 Nc8 36. g7 Rg8 37. Rh1 Qd7 38. Raf1 Rde8 39. Qf6 Nd6 40. Qxh6 Ne4+ 41. Ke1 1/2-1/2

[Event "Watson Farley Williams International"]
[Site "London"]
[Date "1989.05.20"]
[Round "2"]
[White "Arkell, Keith C"]
[Black "Hodgson, Julian M"]
[Result "1/2-1/2"]
[WhiteElo "2445"]
[BlackElo "2545"]
[PlyCount "23"]
[EventDate "1989.05.19"]
[EventType "tourn"]
[EventRounds "13"]
[EventCountry "ENG"]
[EventCategory "10"]
[SourceTitle "BritBase"]
[Source "John Saunders"]
[SourceDate "2025.08.03"]
[SourceVersion "1"]
[SourceVersionDate "2025.08.03"]
[SourceQuality "1"]

1. d4 d5 2. c4 e6 3. Nc3 Nf6 4. Bg5 Be7 5. e3 O-O 6. Nf3 h6 7. Bh4 b6 8. cxd5 exd5 9. Be2 Bb7 10. O-O Ne4 11. Bxe7 Qxe7 12. Rc1 1/2-1/2

[Event "Watson Farley Williams International"]
[Site "London"]
[Date "1989.05.20"]
[Round "2"]
[White "Lalic, Susan Kathryn"]
[Black "King, Daniel John"]
[Result "0-1"]
[WhiteElo "2310"]
[BlackElo "2500"]
[PlyCount "92"]
[EventDate "1989.05.19"]
[EventType "tourn"]
[EventRounds "13"]
[EventCountry "ENG"]
[EventCategory "10"]
[SourceTitle "BritBase"]
[Source "John Saunders"]
[SourceDate "2025.08.03"]
[SourceVersion "1"]
[SourceVersionDate "2025.08.03"]
[SourceQuality "1"]

1. e4 c5 2. c3 e6 3. d4 d5 4. e5 Nc6 5. Nf3 Bd7 6. a3 f6 7. Bd3 fxe5 8. dxe5 Qc7 9. Bf4 O-O-O 10. Nbd2 Nh6 11. Qe2 Nf7 12. O-O-O c4 13. Bc2 b5 14. Rhe1 a5 15. Ng5 Nxg5 16. Bxg5 Re8 17. a4 b4 18. Nxc4 dxc4 19. Qxc4 Nb8 20. Re4 Qxc4 21. Rxc4+ Bc6 22. Be4 Kc7 23. Be3 Rc8 24. cxb4 Bxb4 25. b3 Kb7 26. Kb2 Bxe4 27. Rxe4 Rhd8 28. Rxd8 Rxd8 29. g4 Nc6 30. g5 g6 31. h4 Rd5 32. h5 Nxe5 33. hxg6 hxg6 34. Bd4 Nf3 35. Bf6 Nxg5 36. Bxg5 Rxg5 37. Rxe6 Rg2 38. Rf6 Kc7 39. Kc2 Kd7 40. Kd3 Ke7 41. Rc6 Kf7 42. Ke3 Rg1 43. Kf4 Bd2+ 44. Ke4 Re1+ 45. Kd3 Bb4 46. f4 Rb1 0-1

[Event "Watson Farley Williams International"]
[Site "London"]
[Date "1989.05.20"]
[Round "2"]
[White "Sadler, Matthew D"]
[Black "Davies, Nigel Rodney"]
[Result "1/2-1/2"]
[WhiteElo "2430"]
[BlackElo "2485"]
[PlyCount "48"]
[EventDate "1989.05.19"]
[EventType "tourn"]
[EventRounds "13"]
[EventCountry "ENG"]
[EventCategory "10"]
[SourceTitle "BritBase"]
[Source "John Saunders"]
[SourceDate "2025.08.03"]
[SourceVersion "1"]
[SourceVersionDate "2025.08.03"]
[SourceQuality "1"]

1. b3 d5 2. Bb2 Bg4 3. g3 c6 4. Bg2 Nd7 5. Nf3 Ngf6 6. O-O e6 7. c4 Be7 8. d3 O-O 9. Nbd2 a5 10. a3 Qb6 11. Rc1 Rfc8 12. Rc2 Qd8 13. Qa1 Qf8 14. Rfc1 Nc5 15. Bd4 Nfd7 16. Rb1 f6 17. Bb2 Nb6 18. Qa2 Bh5 19. cxd5 cxd5 20. Rbc1 Bf7 21. Bh3 Qe8 22. Nd4 Bf8 23. Qb1 Na6 24. Rxc8 Rxc8 1/2-1/2

[Event "Watson Farley Williams International"]
[Site "London"]
[Date "1989.05.20"]
[Round "2"]
[White "Suba, Mihai"]
[Black "Motwani, Paul"]
[Result "1/2-1/2"]
[WhiteElo "2515"]
[BlackElo "2490"]
[PlyCount "122"]
[EventDate "1989.05.19"]
[EventType "tourn"]
[EventRounds "13"]
[EventCountry "ENG"]
[EventCategory "10"]
[SourceTitle "BritBase"]
[Source "John Saunders"]
[SourceDate "2025.08.03"]
[SourceVersion "1"]
[SourceVersionDate "2025.08.03"]
[SourceQuality "1"]

1. c4 Nf6 2. Nc3 e5 3. Nf3 Nc6 4. e3 Bb4 5. Qc2 O-O 6. Be2 Re8 7. O-O e4 8. Ne1 Bxc3 9. bxc3 d5 10. f3 dxc4 11. Bxc4 Bf5 12. a4 Ne5 13. Ba2 Qd7 14. Bb1 Rad8 15. a5 c5 16. c4 Bg6 17. f4 Nd3 18. Nxd3 exd3 19. Qa4 Qg4 20. h3 Qg3 21. Qd1 Be4 22. Rf2 Re6 23. Bb2 h5 24. f5 Red6 25. Qf1 h4 26. Rf4 Bc6 27. Be5 Nh5 28. Bxd6 Rxd6 29. Rg4 Qe5 30. Ra3 Ng3 31. Rxg3 hxg3 32. Rxd3 Rxd3 33. Bxd3 f6 34. Qe1 Qb2 35. Bf1 Qa2 36. d4 Be4 37. Qxg3 Qxa5 38. Qf4 Bc2 39. d5 Qd8 40. g4 a5 41. Bg2 a4 42. Qf2 Bb3 43. d6 Bxc4 44. Qc2 b5 45. Bd5+ Bxd5 46. Qxc5 Qa8 47. d7 Bc6 48. Qxc6 Qxc6 49. d8=Q+ Kh7 50. Qe7 Qf3 51. Qe8 Qg3+ 52. Kf1 Qxh3+ 53. Kf2 Qxg4 54. Qxb5 Qe4 55. Qc5 Qe5 56. Qb4 Qxf5+ 57. Kg3 Qe5+ 58. Kf3 Qd5+ 59. Kf2 Qf5+ 60. Kg3 Qg5+ 61. Kf2 Qf5+ 1/2-1/2

[Event "Watson Farley Williams International"]
[Site "London"]
[Date "1989.05.22"]
[Round "3"]
[White "Davies, Nigel Rodney"]
[Black "Wilder, Michael"]
[Result "1/2-1/2"]
[WhiteElo "2485"]
[BlackElo "2540"]
[PlyCount "96"]
[EventDate "1989.05.19"]
[EventType "tourn"]
[EventRounds "13"]
[EventCountry "ENG"]
[EventCategory "10"]
[SourceTitle "BritBase"]
[Source "John Saunders"]
[SourceDate "2025.08.03"]
[SourceVersion "1"]
[SourceVersionDate "2025.08.03"]
[SourceQuality "1"]

1. Nf3 c5 2. c4 Nc6 3. Nc3 Nd4 4. e3 Nxf3+ 5. Qxf3 g6 6. b3 Bg7 7. Bb2 d6 8. O-O-O Rb8 9. g4 h5 10. gxh5 Rxh5 11. h4 Nh6 12. Be2 Bxc3 13. Bxc3 Bg4 14. Qxg4 Nxg4 15. Bxg4 Rh6 16. h5 g5 17. f4 e5 18. fxe5 b5 19. d3 Kf8 20. Rhf1 dxe5 21. Bxe5 Rb7 22. Rf5 Re7 23. cxb5 Qa5 24. Kb2 Qxb5 25. Bd4 Qc6 26. Bf3 Qd7 27. Rxc5 Rd6 28. Rc4 Rxd4 29. exd4 Re3 30. Bc6 Re2+ 31. Kc3 Qc7 32. a4 Qh2 33. Rh1 Qf4 34. Kb4 Qd6+ 35. Kb5 Rb2 36. b4 a6+ 37. Ka5 Qc7+ 38. Kxa6 Rxb4 39. Bb5 Rxc4 40. dxc4 Qd6+ 41. Kb7 Qe7+ 42. Kb6 Qd8+ 43. Kb7 Qxd4 44. a5 Qe4+ 45. Bc6 Qe7+ 46. Kb6 Qd8+ 47. Kb5 Qb8+ 48. Kc5 Qa7+ 1/2-1/2

[Event "Watson Farley Williams International"]
[Site "London"]
[Date "1989.05.22"]
[Round "3"]
[White "Hodgson, Julian M"]
[Black "McNab, Colin Anderson"]
[Result "1/2-1/2"]
[WhiteElo "2545"]
[BlackElo "2435"]
[PlyCount "94"]
[EventDate "1989.05.19"]
[EventType "tourn"]
[EventRounds "13"]
[EventCountry "ENG"]
[EventCategory "10"]
[SourceTitle "BritBase"]
[Source "John Saunders"]
[SourceDate "2025.08.03"]
[SourceVersion "1"]
[SourceVersionDate "2025.08.03"]
[SourceQuality "1"]

1. d4 d6 2. c3 Nf6 3. Bg5 Nbd7 4. Nd2 e5 5. e4 Be7 6. Bd3 d5 7. Bxf6 Bxf6 8. exd5 exd4 9. Qe2+ Qe7 10. cxd4 Bxd4 11. Qxe7+ Kxe7 12. O-O-O Bxf2 13. Ngf3 Kf8 14. Ne4 Be3+ 15. Kb1 Nc5 16. Rhe1 Nxe4 17. Rxe3 Nf6 18. Bc2 Bg4 19. Rc3 Rc8 20. Rd4 Bxf3 21. gxf3 Ke7 22. Bf5 Rb8 23. d6+ cxd6 24. Rc7+ Kf8 25. Be4 g6 26. Rxb7 Rxb7 27. Bxb7 Kg7 28. Rxd6 Rb8 29. Ba6 h5 30. a4 Rb4 31. Bb5 Rh4 32. Ra6 Rxh2 33. Rxa7 Rh1+ 34. Ka2 h4 35. Bc4 h3 36. Rxf7+ Kh6 37. Rxf6 h2 38. Rf4 g5 39. Rf8 Kh7 40. Rd8 Ra1+ 41. Kxa1 h1=Q+ 42. Ka2 Qxf3 43. a5 Qf4 44. Bb3 Qc7 45. Rd3 Kh6 46. a6 Qb6 47. Bc4 g4 1/2-1/2

[Event "Watson Farley Williams International"]
[Site "London"]
[Date "1989.05.22"]
[Round "3"]
[White "King, Daniel John"]
[Black "Arkell, Keith C"]
[Result "1/2-1/2"]
[WhiteElo "2500"]
[BlackElo "2445"]
[PlyCount "27"]
[EventDate "1989.05.19"]
[EventType "tourn"]
[EventRounds "13"]
[EventCountry "ENG"]
[EventCategory "10"]
[SourceTitle "BritBase"]
[Source "John Saunders"]
[SourceDate "2025.08.03"]
[SourceVersion "1"]
[SourceVersionDate "2025.08.03"]
[SourceQuality "1"]

1. c4 c5 2. g3 Nc6 3. Bg2 g6 4. Nc3 Bg7 5. a3 Nf6 6. Rb1 a5 7. e4 d6 8. Nge2 O-O 9. d3 Ne8 10. O-O Nc7 11. b3 Rb8 12. a4 Ne6 13. Nb5 Ned4 14. h3 1/2-1/2

[Event "Watson Farley Williams International"]
[Site "London"]
[Date "1989.05.22"]
[Round "3"]
[White "Motwani, Paul"]
[Black "Sadler, Matthew D"]
[Result "1/2-1/2"]
[WhiteElo "2490"]
[BlackElo "2430"]
[PlyCount "61"]
[EventDate "1989.05.19"]
[EventType "tourn"]
[EventRounds "13"]
[EventCountry "ENG"]
[EventCategory "10"]
[SourceTitle "BritBase"]
[Source "John Saunders"]
[SourceDate "2025.08.03"]
[SourceVersion "1"]
[SourceVersionDate "2025.08.03"]
[SourceQuality "1"]

1. e4 c5 2. Nf3 d6 3. d4 cxd4 4. Nxd4 Nf6 5. Nc3 a6 6. Be3 e5 7. Nf3 Be7 8. Bc4 O-O 9. O-O Nc6 10. Qe2 b5 11. Bb3 Be6 12. Rfd1 Rb8 13. h3 Qd7 14. Bg5 Rfc8 15. Bxf6 Bxf6 16. Nd5 Bd8 17. c3 a5 18. a3 Qb7 19. Rd3 b4 20. cxb4 axb4 21. axb4 Nxb4 22. Nxb4 Qxb4 23. Bxe6 fxe6 24. Rad1 Be7 25. b3 Rc3 26. Nd2 Qb5 27. Nc4 Rxb3 28. Rxb3 Qxb3 29. Kh2 Qb5 30. Qa2 Qb3 31. Qxb3 1/2-1/2

[Event "Watson Farley Williams International"]
[Site "London"]
[Date "1989.05.23"]
[Round "4"]
[White "Lalic, Susan Kathryn"]
[Black "Arkell, Keith C"]
[Result "0-1"]
[WhiteElo "2310"]
[BlackElo "2445"]
[PlyCount "90"]
[EventDate "1989.05.19"]
[EventType "tourn"]
[EventRounds "13"]
[EventCountry "ENG"]
[EventCategory "10"]
[SourceTitle "BritBase"]
[Source "John Saunders"]
[SourceDate "2025.08.03"]
[SourceVersion "1"]
[SourceVersionDate "2025.08.03"]
[SourceQuality "1"]

1. d4 Nf6 2. c4 e6 3. Nc3 Bb4 4. Qc2 Nc6 5. Nf3 d6 6. a3 Bxc3+ 7. Qxc3 Ne4 8. Qc2 f5 9. g3 O-O 10. Bg2 e5 11. dxe5 dxe5 12. O-O a5 13. b3 Qe7 14. Bb2 Bd7 15. Rad1 Be8 16. Rd5 Bf7 17. Rd3 Rad8 18. Rfd1 Qc5 19. e3 Rxd3 20. Rxd3 b5 21. Nd2 Nxd2 22. Rxd2 bxc4 23. bxc4 Ne7 24. Qc3 Ng6 25. h4 Re8 26. Bd5 c6 27. Bxf7+ Kxf7 28. f4 Nf8 29. Kg2 Re7 30. Qd3 exf4 31. exf4 Re4 32. Bd4 Qe7 33. Be5 Ng6 34. Bd6 Qe6 35. c5 Re3 36. Qa6 Qb3 37. Kh2 Nxh4 38. Qa7+ Kg6 39. Bf8 Nf3+ 40. Kg2 Ne1+ 41. Kh2 Nf3+ 42. Kh3 Ng5+ 43. Kh2 Ne6 44. Rd6 Qb2+ 45. Kh3 Re2 0-1

[Event "Watson Farley Williams International"]
[Site "London"]
[Date "1989.05.23"]
[Round "4"]
[White "McNab, Colin Anderson"]
[Black "King, Daniel John"]
[Result "0-1"]
[WhiteElo "2435"]
[BlackElo "2500"]
[PlyCount "84"]
[EventDate "1989.05.19"]
[EventType "tourn"]
[EventRounds "13"]
[EventCountry "ENG"]
[EventCategory "10"]
[SourceTitle "BritBase"]
[Source "John Saunders"]
[SourceDate "2025.08.03"]
[SourceVersion "1"]
[SourceVersionDate "2025.08.03"]
[SourceQuality "1"]

1. c4 e6 2. Nf3 Nf6 3. g3 a6 4. Nc3 d5 5. cxd5 exd5 6. d4 Bd6 7. Bg2 O-O 8. O-O Nbd7 9. Nh4 Nb6 10. Qc2 Re8 11. e4 dxe4 12. Nxe4 Nxe4 13. Bxe4 h6 14. Bd2 c6 15. Rfe1 Be6 16. Nf5 Bc7 17. Rad1 Nd5 18. Qc1 Qf6 19. Qb1 Rad8 20. Ne3 Bb6 21. Bc3 g6 22. Nc4 Ba7 23. Ne5 Bb8 24. Bd2 Kh7 25. h4 Kg7 26. Kg2 Ne7 27. Qc1 Ng8 28. Kg1 Ba7 29. Be3 Bxa2 30. Ng4 Qd6 31. Bxh6+ Kh7 32. Bf4 Qb4 33. h5 Bxd4 34. hxg6+ fxg6 35. Qc2 Kg7 36. Bd2 Qb3 37. Bxg6 Qxg3+ 38. Kf1 Qh3+ 39. Kg1 Qxg4+ 40. Kf1 Qxg6 41. Qa4 Bd5 42. Qxd4+ Nf6 0-1

[Event "Watson Farley Williams International"]
[Site "London"]
[Date "1989.05.23"]
[Round "4"]
[White "Sadler, Matthew D"]
[Black "Larsen, Bent"]
[Result "0-1"]
[WhiteElo "2430"]
[BlackElo "2580"]
[PlyCount "98"]
[EventDate "1989.05.19"]
[EventType "tourn"]
[EventRounds "13"]
[EventCountry "ENG"]
[EventCategory "10"]
[SourceTitle "BritBase"]
[Source "John Saunders"]
[SourceDate "2025.08.03"]
[SourceVersion "1"]
[SourceVersionDate "2025.08.03"]
[SourceQuality "1"]

1. d4 Nf6 2. c4 e6 3. Nc3 Bb4 4. e3 b6 5. Nge2 Ne4 6. Bd2 Nxd2 7. Qxd2 O-O 8. a3 Be7 9. Nf4 d6 10. Be2 Bb7 11. O-O Nd7 12. d5 e5 13. Nd3 Kh8 14. b4 f5 15. f4 Ba6 16. Nb5 Bf6 17. Rac1 Bc8 18. fxe5 Bxe5 19. Nxe5 Nxe5 20. Nd4 a5 21. Rf4 axb4 22. axb4 Bd7 23. Rcf1 Qg5 24. Kh1 Ng6 25. R4f3 Ne5 26. Rf4 Rae8 27. Qc1 Ng6 28. R4f3 Nh4 29. Rg3 Qe7 30. Bd3 g5 31. Qa1 Qg7 32. Nc2 h6 33. Qxg7+ Kxg7 34. Rf4 Ng6 35. Rf2 Ne5 36. Bf1 Ra8 37. Kg1 Ra2 38. Nd4 Rxf2 39. Kxf2 Ra8 40. e4 Ng4+ 41. Kg1 f4 42. Rf3 Ra1 43. g3 Ne5 44. Rf2 Rd1 45. Nf3 Nxf3+ 46. Rxf3 Bg4 47. Rd3 Rxd3 48. Bxd3 Kf6 49. h4 Ke5 0-1

[Event "Watson Farley Williams International"]
[Site "London"]
[Date "1989.05.24"]
[Round "5"]
[White "Arkell, Keith C"]
[Black "McNab, Colin Anderson"]
[Result "1/2-1/2"]
[WhiteElo "2445"]
[BlackElo "2435"]
[PlyCount "49"]
[EventDate "1989.05.19"]
[EventType "tourn"]
[EventRounds "13"]
[EventCountry "ENG"]
[EventCategory "10"]
[SourceTitle "BritBase"]
[Source "John Saunders"]
[SourceDate "2025.08.03"]
[SourceVersion "1"]
[SourceVersionDate "2025.08.03"]
[SourceQuality "1"]

1. d4 d6 2. Nf3 g6 3. c4 Bg7 4. Nc3 Nd7 5. g3 e5 6. Bg2 Ne7 7. O-O O-O 8. e3 Nf5 9. b3 c6 10. Bb2 Re8 11. dxe5 dxe5 12. Ne4 Qb6 13. g4 Nh6 14. Nd6 Rd8 15. g5 Nf5 16. Nxc8 Raxc8 17. Qc2 e4 18. Nd2 Bxb2 19. Qxb2 Nc5 20. Nxe4 Nxe4 21. Bxe4 Nxe3 22. fxe3 Qxe3+ 23. Qf2 Qxe4 24. Qxf7+ Kh8 25. Qf6+ 1/2-1/2

[Event "Watson Farley Williams International"]
[Site "London"]
[Date "1989.05.24"]
[Round "5"]
[White "Davies, Nigel Rodney"]
[Black "Adams, Michael"]
[Result "1/2-1/2"]
[WhiteElo "2485"]
[BlackElo "2495"]
[PlyCount "43"]
[EventDate "1989.05.19"]
[EventType "tourn"]
[EventRounds "13"]
[EventCountry "ENG"]
[EventCategory "10"]
[SourceTitle "BritBase"]
[Source "John Saunders"]
[SourceDate "2025.08.03"]
[SourceVersion "1"]
[SourceVersionDate "2025.08.03"]
[SourceQuality "1"]

1. d4 Nf6 2. c4 e6 3. g3 Bb4+ 4. Bd2 Qe7 5. Bg2 Nc6 6. Nf3 Bxd2+ 7. Nbxd2 d6 8. O-O O-O 9. e4 e5 10. d5 Nb8 11. b4 a5 12. a3 c6 13. Ne1 cxd5 14. cxd5 Bd7 15. Nc2 Na6 16. Qb1 Rfc8 17. Ne3 axb4 18. axb4 Qd8 19. Qb2 Bb5 20. Rfc1 Rxc1+ 21. Rxc1 g6 22. Nec4 1/2-1/2

[Event "Watson Farley Williams International"]
[Site "London"]
[Date "1989.05.24"]
[Round "5"]
[White "Hodgson, Julian M"]
[Black "Sadler, Matthew D"]
[Result "1-0"]
[WhiteElo "2545"]
[BlackElo "2430"]
[PlyCount "51"]
[EventDate "1989.05.19"]
[EventType "tourn"]
[EventRounds "13"]
[EventCountry "ENG"]
[EventCategory "10"]
[SourceTitle "BritBase"]
[Source "John Saunders"]
[SourceDate "2025.08.03"]
[SourceVersion "1"]
[SourceVersionDate "2025.08.03"]
[SourceQuality "1"]

1. c4 e5 2. Nc3 Nc6 3. Nf3 g6 4. d4 exd4 5. Nxd4 Bg7 6. Nxc6 bxc6 7. g3 Rb8 8. Bg2 c5 9. O-O Nf6 10. Qa4 a6 11. Qa5 d6 12. Bc6+ Kf8 13. Rd1 Be6 14. Qxa6 Rb6 15. Qa4 Bxc4 16. Be3 Qb8 17. Qxc4 Rxc6 18. a4 Rb6 19. a5 Rb4 20. Qd3 h5 21. a6 h4 22. Bxc5 hxg3 23. fxg3 Rg4 24. a7 Qa8 25. Qf3 Ke7 26. Bd4 1-0

[Event "Watson Farley Williams International"]
[Site "London"]
[Date "1989.05.24"]
[Round "5"]
[White "King, Daniel John"]
[Black "Suba, Mihai"]
[Result "0-1"]
[WhiteElo "2500"]
[BlackElo "2515"]
[PlyCount "64"]
[EventDate "1989.05.19"]
[EventType "tourn"]
[EventRounds "13"]
[EventCountry "ENG"]
[EventCategory "10"]
[SourceTitle "BritBase"]
[Source "John Saunders"]
[SourceDate "2025.08.03"]
[SourceVersion "1"]
[SourceVersionDate "2025.08.03"]
[SourceQuality "1"]

1. Nf3 c5 2. g3 b6 3. Bg2 Bb7 4. O-O Nf6 5. c4 e6 6. Nc3 a6 7. b3 Be7 8. Bb2 O-O 9. e3 d5 10. Ne5 Ra7 11. Ng4 dxc4 12. bxc4 Bxg2 13. Kxg2 Rd7 14. Nb1 Nc6 15. a3 Nxg4 16. Qxg4 Bf6 17. Ra2 Bxb2 18. Rxb2 Qc7 19. Qe4 Rfd8 20. Rd1 Rd3 21. Rc1 R3d6 22. Kg1 f5 23. Qg2 Ne5 24. Rb3 Qf7 25. f4 Nd3 26. Rf1 e5 27. fxe5 Nxe5 28. e4 Qxc4 29. Re3 Qd4 30. Kh1 Ng4 31. Ree1 Nxh2 32. Rf4 Ng4 0-1

[Event "Watson Farley Williams International"]
[Site "London"]
[Date "1989.05.24"]
[Round "5"]
[White "Motwani, Paul"]
[Black "Watson, William Nicholas"]
[Result "1/2-1/2"]
[WhiteElo "2490"]
[BlackElo "2505"]
[PlyCount "66"]
[EventDate "1989.05.19"]
[EventType "tourn"]
[EventRounds "13"]
[EventCountry "ENG"]
[EventCategory "10"]
[SourceTitle "BritBase"]
[Source "John Saunders"]
[SourceDate "2025.08.03"]
[SourceVersion "1"]
[SourceVersionDate "2025.08.03"]
[SourceQuality "1"]

1. d4 Nf6 2. c4 g6 3. Nf3 Bg7 4. g3 O-O 5. Bg2 d6 6. O-O Nbd7 7. Nc3 e5 8. e4 c6 9. h3 Qa5 10. Be3 exd4 11. Nxd4 Re8 12. Rc1 Nc5 13. Nb3 Nxb3 14. axb3 Rd8 15. Ra1 Qc7 16. Bxa7 Be6 17. Be3 Rxa1 18. Qxa1 d5 19. exd5 cxd5 20. Rd1 dxc4 21. Rxd8+ Qxd8 22. bxc4 Bxc4 23. Bxb7 Be6 24. Bg2 h5 25. Qa4 Qb8 26. Qb5 Qc8 27. Bb7 Qd8 28. Kg2 Kh7 29. Ne4 Nxe4 30. Bxe4 Qd1 31. h4 Bb3 32. Qd3 Qxd3 33. Bxd3 Bxb2 1/2-1/2

[Event "Watson Farley Williams International"]
[Site "London"]
[Date "1989.05.25"]
[Round "6"]
[White "Adams, Michael"]
[Black "Motwani, Paul"]
[Result "0-1"]
[WhiteElo "2495"]
[BlackElo "2490"]
[PlyCount "80"]
[EventDate "1989.05.19"]
[EventType "tourn"]
[EventRounds "13"]
[EventCountry "ENG"]
[EventCategory "10"]
[SourceTitle "BritBase"]
[Source "John Saunders"]
[SourceDate "2025.08.03"]
[SourceVersion "1"]
[SourceVersionDate "2025.08.03"]
[SourceQuality "1"]

1. e4 e5 2. Nc3 Nc6 3. Bc4 Nf6 4. d3 Bb4 5. Nge2 d5 6. exd5 Nxd5 7. a3 Bxc3+ 8. bxc3 Be6 9. O-O Qd7 10. Rb1 b6 11. Bxd5 Bxd5 12. f4 O-O-O 13. Qe1 e4 14. Qf2 exd3 15. cxd3 Qf5 16. Qg3 Bc4 17. dxc4 Qxb1 18. Qf3 Rd6 19. c5 bxc5 20. Ng3 f5 21. Be3 Qd3 22. Rc1 Re8 23. Nf1 g6 24. h3 Re4 25. Bxc5 Rd5 26. Be3 Na5 27. Qf2 Nc4 28. Bxa7 Re2 29. Qh4 Qe4 30. Bf2 Qe7 31. Qh6 Nd2 32. Ng3 Rxf2 33. Kxf2 Qc5+ 34. Ke2 Nc4 35. Kf1 Rd2 36. Nh1 Ne3+ 37. Ke1 Rxg2 38. Nf2 Rg1+ 39. Ke2 Rxc1 40. Qxh7 Rc2+ 0-1